zpět

Detail výsledku týmu

Bar 12 opic, Prostějov

Datum a čas kvízu

24.5 Celkem bodů Celkový počet nahraných bodů na tomto kvízu bez doplňovacích otázek.
6. Pořadí na kvízu Konečné umístění týmu na tomto kvízu.

Zaznamenané odpovědi

# Otázka Odpověď Body Výsledky
1. Prezident České republiky jmen... předseda Nejvyššího soudu 0
2. Příspěvky amerického prezident... malárie 1
3. Na Netflixu je nově možné sled... o Michelle Obamové 0
4. Jak se nazývá důl na Karvinsku... Darkov 1
5. Koncem minulého týdne se znovu... FK Teplice, FC Slovan Liberec 0.5
6. Napište zcela správně latinsky... Ingeniator 0
7. Přiřaďte v České republice mož... 1D 2B 3C 4A 1
8. Mnohé tituly se již dnes neudě... Doktor sociálně-politických věd 1
9. Vyberte titul, jehož zkratka j... D 0
10. Pokud jsou si dva tituly rovno... ten novější 0